The rough guide to babies & toddlers : the essential guide to caring for babies and toddlers (Record no. 388521)

MARC details
000 -LEADER
fixed length control field 00319nam a2200097Ia 4500
082 ## - DEWEY DECIMAL CLASSIFICATION NUMBER
Classification number mpl-13
008 - FIXED-LENGTH DATA ELEMENTS--GENERAL INFORMATION
fixed length control field 210817s9999 xx 000 0 und d
100 ## - MAIN ENTRY--PERSONAL NAME
Personal name COOKE, Kaz London, 2009
9 (RLIN) 94741
245 #0 - TITLE STATEMENT
Title The rough guide to babies & toddlers : the essential guide to caring for babies and toddlers
942 ## - ADDED ENTRY ELEMENTS
item type Books

No items available.